000 00760cam a2200217 a 4500
001 000005956
005 20251112115145.0
008 770516s1968 mx a b 001 0 spa
040 _aDO-SdBNP
_cDLC
_dDLC
082 _a980.1
_bF634p
100 1 _aFlores Ochoa, Jorge A.
_916770
245 1 4 _aLos pastores de Paratia :
_buna introducción a su estudio /
_cJorge A. Flores Ochoa.
260 _aMéxico, :
_bInstituto Indigenista Interamericano,
_c1968.
300 _axiv, 159 p. :
_bil. ;
_c19 cm.
490 1 _aAntropología social
_v10
504 _aBibliografía: p. 153-159.
650 0 _aIndígenas de América del Sur
_96752
650 4 _aIndìgenas deperù
_916771
830 0 _aAntropología social ;
_v10
_916772
910 _aCatalogación por copia / LC
999 _c5752
_d5752